International Trade Forum (Registro nro. 8960)

Detalles MARC
000 -LEADER
fixed length control field 00939nas a2200241 454500
001 - CONTROL NUMBER
control field 51992
005 - DATE AND TIME OF LATEST TRANSACTION
control field 20260407193512.0
008 - FIXED-LENGTH DATA ELEMENTS--GENERAL INFORMATION
fixed length control field 260407s1974####ag###########|||spa#d
003 - CONTROL NUMBER IDENTIFIER
control field AR-UNSa-BCEJYS
040 ## - CATALOGING SOURCE
Original cataloging agency AR-UNSa-BCEJYS
Language of cataloging spa
Transcribing agency AR-UNSa-BCEJYS
080 ## - UNIVERSAL DECIMAL CLASSIFICATION NUMBER
Universal Decimal Classification number 339.5
Common auxiliary subdivision Comercio exterior. Comercio Internacional
022 ## - INTERNATIONAL STANDARD SERIAL NUMBER
International Standard Serial Number 0020-8957
041 ## - LANGUAGE CODE
Language code of text/sound track or separate title spa
100 1# - MAIN ENTRY--PERSONAL NAME
Personal name Hetland, Jarle
245 10 - TITLE STATEMENT
Title International Trade Forum
264 #1 - PRODUCTION, PUBLICATION, DISTRIBUTION, MANUFACTURE, AND COPYRIGHT NOTICE
Place of production, publication, distribution, manufacture Ginebra :
Name of producer, publisher, distributor, manufacturer Centro de Comercio Internacional
Date of production, publication, distribution, manufacture, or copyright notice 1974
310 ## - CURRENT PUBLICATION FREQUENCY
Current publication frequency Frecuencia: Trimestral<br/>Cambia de Director a partir del Nº 1, Año 1998 <br/>Cambia de Director a partir del Nº 3, Año 2009 por <br/>Cambia de Director a partir del Nº 3, Año 2012 por <br/>Cambia de Director a partir del Nº 4, Año 2012 por <br/>
590 ## - LOCAL NOTE (RLIN)
Local note niveau_biblio:s niveau_hierar:1
650 ## - SUBJECT ADDED ENTRY--TOPICAL TERM
Topical term or geographic name entry element Exportación/importación
650 ## - SUBJECT ADDED ENTRY--TOPICAL TERM
Topical term or geographic name entry element Comercio internacional
700 1# - ADDED ENTRY--PERSONAL NAME
Personal name Centro de Comercio Internacional (CCI)
942 ## - ADDED ENTRY ELEMENTS (KOHA)
Koha item type
Existencias
Withdrawn status Lost status Damaged status Not for loan Home library Current library Shelving location Date acquired Serial enumeration / chronology Total checkouts Full call number Barcode Date last seen Price effective from Koha item type
        Biblioteca Prof. Eusebio Cleto del Rey Biblioteca Prof. Eusebio Cleto del Rey   01/04/2020 N° 2 - abr./jun. 2020   H339.5 INT 2.2020 R22557 10/04/2026 10/04/2026 Numero
        Biblioteca Prof. Eusebio Cleto del Rey Biblioteca Prof. Eusebio Cleto del Rey   01/01/2020 N° 1 - ene./mar. 2020   H339.5 INT 1.2020 R22556 10/04/2026 10/04/2026 Numero
        Biblioteca Prof. Eusebio Cleto del Rey Biblioteca Prof. Eusebio Cleto del Rey   01/07/2019 Nº 3/4 - jul./dic. 2019   H339.5 INT 3/4.2019 R22378 10/04/2026 10/04/2026 Numero
        Biblioteca Prof. Eusebio Cleto del Rey Biblioteca Prof. Eusebio Cleto del Rey   01/04/2019 Nº 2 - abr./jun. 2019   H339.5 INT 2.2019 R22309 10/04/2026 10/04/2026 Numero
        Biblioteca Prof. Eusebio Cleto del Rey Biblioteca Prof. Eusebio Cleto del Rey   01/01/2019 Nº 1 - ene./mar. 2019   H339.5 INT 1.2019 R22213 10/04/2026 10/04/2026 Numero
        Biblioteca Prof. Eusebio Cleto del Rey Biblioteca Prof. Eusebio Cleto del Rey   01/10/2018 Nº 4 - oct./dic. 2018   H339.5 INT 4.2018 R22110 10/04/2026 10/04/2026 Numero
        Biblioteca Prof. Eusebio Cleto del Rey Biblioteca Prof. Eusebio Cleto del Rey   01/04/2018 N° 2 - abr./jun. 2018   H339.5 INT 2.2018 R21988 10/04/2026 10/04/2026 Numero
        Biblioteca Prof. Eusebio Cleto del Rey Biblioteca Prof. Eusebio Cleto del Rey   01/01/2018 N° 1 - ene./mar. 2018   H339.5 INT 1.2018 R21973 10/04/2026 10/04/2026 Numero
        Biblioteca Prof. Eusebio Cleto del Rey Biblioteca Prof. Eusebio Cleto del Rey   01/10/2017 Nº 4 - oct./dic. 2017   H339.5 INT 4.2017 R21709 10/04/2026 10/04/2026 Numero
        Biblioteca Prof. Eusebio Cleto del Rey Biblioteca Prof. Eusebio Cleto del Rey   01/07/2017 Nº 3 - jul./sep. 2017   H339.5 INT 3.2017 R21708 10/04/2026 10/04/2026 Numero
        Biblioteca Prof. Eusebio Cleto del Rey Biblioteca Prof. Eusebio Cleto del Rey   01/04/2017 Nº 2 - abr./jun. 2017   H339.5 INT 2.2017 R21282 10/04/2026 10/04/2026 Numero
        Biblioteca Prof. Eusebio Cleto del Rey Biblioteca Prof. Eusebio Cleto del Rey   01/01/2017 Nº 1 - ene./mar. 2017   H339.5 INT 1.2017 R20784 10/04/2026 10/04/2026 Numero
        Biblioteca Prof. Eusebio Cleto del Rey Biblioteca Prof. Eusebio Cleto del Rey   15/04/2016 Nº 2 - abr./jun. 2016   H339.5 INT 2.2016 R20616 10/04/2026 10/04/2026 Numero